000 00842nam a2200253Ia 4500
003 OSt
005 20220918201149.0
006 a|||||r|||| 00| 0
007 ta
008 220917b |||||||| |||| 00| 0 eng d
024 _a92,098
037 _cTextual
040 _aARTS
_cARTS
_beng
041 _2eng
_aeng
082 _aV1:19(zT)p1, N86, M7
110 _aSecond indo-frg seminar on political issues affecting global security (New Delhi)
_997198
245 0 _aPapers ed by Subrahmanyam and Jasjit Singh
260 _aNew Delhi
_bLancer International
_c1987
300 _ax, 177p.
_ccm.
650 _aARMS CONTROL; WORLD HISTORY
700 _aSecond indo-frg seminar on political issues affecting global security (New Delhi)
_997199
942 _hV1:19(zT)p1, N86, M7
_cTEXL
_2CC
999 _c215752
_d215752